International financial management
Gespeichert in:
| 1. Verfasser: | |
|---|---|
| Weitere Verfasser: | , |
| Format: | Buch |
| Sprache: | Englisch |
| Veröffentlicht: |
New York
MacGraw-Hill
1978
|
| Tags: |
Keine Tags, Fügen Sie das erste Tag hinzu!
|
MARC
| LEADER | 00000nam a2200000 4500 | ||
|---|---|---|---|
| 001 | c142492 | ||
| 005 | 20050228093655.2 | ||
| 041 | 0 | |a eng | |
| 044 | |a US | ||
| 245 | 1 | 0 | |a International financial management |c Charles N. Henning, William Pigott, Robert Haney Scott |
| 264 | 1 | |a New York |b MacGraw-Hill |c 1978 | |
| 300 | |a 576 s. | ||
| 100 | 1 | |a Henning, Charles N. | |
| 700 | 1 | |a Pigott, William | |
| 700 | 1 | |a Scott, Robert Haney | |